000 00349nam a2200157Ia 4500
003 OSt
005 20240311164039.0
008 170524s9999 xx 000 0 und d
020 _aNIL
040 _cIIMTU MEERUT
100 _aAggarwal -D.K.
245 0 _aHousekeeping Management
260 _bAman Publication
260 _c2006
942 _2ddc
_c02
999 _c7347
_d7347